LEADER 01583nam 2200457 450 001 9910554833903321 005 20220415113249.0 010 $a1-119-71126-6 010 $a1-119-71127-4 010 $a1-119-71125-8 035 $a(CKB)4100000011994802 035 $a(MiAaPQ)EBC6689153 035 $a(Au-PeEL)EBL6689153 035 $a(OCoLC)1263029013 035 $a(EXLCZ)994100000011994802 100 $a20220415d2021 uy 0 101 0 $aeng 135 $aurcnu|||||||| 181 $ctxt$2rdacontent 182 $cc$2rdamedia 183 $acr$2rdacarrier 200 00$aBiomedical data mining for information retrieval $emethodologies, techniques, and applications /$fedited by Sujata Dash [and three others] 210 1$aHoboken, New Jersey ;$aBeverly, Massachusetts :$cWiley :$cScrivener Publishing,$d[2021] 210 4$dİ2021 215 $a1 online resource (448 pages) 225 0 $aArtificial intelligence and soft computing for industrial transformation 311 $a1-119-71124-X 320 $aIncludes bibliographical references and index. 410 0$aArtificial Intelligence and Soft Computing for Industrial Transformation Ser. 606 $aBiomedical engineering$xData processing 608 $aElectronic books. 615 0$aBiomedical engineering$xData processing. 676 $a610.28 702 $aDash$b Sujata$f1964- 801 0$bMiAaPQ 801 1$bMiAaPQ 801 2$bMiAaPQ 906 $aBOOK 912 $a9910554833903321 996 $aBiomedical data mining for information retrieval$92834029 997 $aUNINA LEADER 02805oem 2200721 450 001 9910713686803321 005 20200615131526.0 035 $a(CKB)5470000002502802 035 $a(OCoLC)966435240 035 $a(EXLCZ)995470000002502802 100 $a20161219d1993 ua 101 0 $aeng 120 $ab|||||||||||| 121 $a||||||||| 124 $bd 135 $aurcn||||||||| 181 $ccri$2rdacontent 182 $cc$2rdamedia 183 $acr$2rdacarrier 200 10$aProperties and chemical constituents in ground water from permeable Zone C (lower Pliocene-upper Miocene deposits) coastal lowlands aquifer system, south-central United States /$fby Robert A. Pettijohn, John F. Busby, and Michael A. Cervantes 210 1$aAustin, Texas :$cU.S. Department of the Interior, U.S. Geological Survey,$d1993. 215 $a1 online resource (17 maps) $ccolor 225 1 $aWater-resources investigations report ;$v91-4151 300 $aRelief shown by contours and spot heights. 300 $aIncludes text, location map, 1 cross section, 11 ancillary maps, 10 graphs, and 2 tables. 300 $a"A contribution of the Regional Aquifer-System Analysis Program"--Envelope. 320 $aIncludes bibliographical references (sheet 1). 517 $aProperties and chemical constituents in ground water from permeable Zone C 606 $aAquifers$zTexas$vMaps 606 $aAquifers$zGulf Coast (U.S.)$vMaps 606 $aAquifers$zMississippi River Valley$vMaps 606 $aGroundwater$zTexas$xComposition$vMaps 606 $aGroundwater$zGulf Coast (U.S.)$xComposition$vMaps 606 $aGroundwater$zMississippi River Valley$xComposition$vMaps 606 $aAquifers$2fast 606 $aGroundwater$xComposition$2fast 607 $aMississippi River Valley$2fast 607 $aTexas$2fast 607 $aUnited States$zGulf Coast$2fast 608 $aMaps.$2fast 608 $aMaps.$2lcgft 615 0$aAquifers 615 0$aAquifers 615 0$aAquifers 615 0$aGroundwater$xComposition 615 0$aGroundwater$xComposition 615 0$aGroundwater$xComposition 615 7$aAquifers. 615 7$aGroundwater$xComposition. 702 $aPettijohn$b Robert A. 702 $aBusby$b John F. 702 $aCervantes$b Michael A.$f1957- 712 02$aNational Regional Aquifer Systems Analysis Program (U.S.), 801 0$bCOP 801 1$bCOP 801 2$bOCLCO 801 2$bOCLCF 801 2$bOCLCA 801 2$bGPO 906 $aBOOK 912 $a9910713686803321 996 $aProperties and chemical constituents in ground water from permeable Zone C (lower Pliocene-upper Miocene deposits) coastal lowlands aquifer system, south-central United States$93355309 997 $aUNINA